Letter from Sir Clive Alderton to Justin Young (Record no. 121938)

MARC details
000 -LEADER
fixed length control field 00834nam a22002057a 4500
008 - FIXED-LENGTH DATA ELEMENTS--GENERAL INFORMATION
fixed length control field 240522t2024 xxk|||||r|||| 00| 0 eng d
041 ## - LANGUAGE CODE
Language code of text/sound track or separate title eng
110 ## - MAIN ENTRY--CORPORATE NAME
Corporate author Royal Institution of Chartered Surveyors
245 ## - TITLE STATEMENT
Title Letter from Sir Clive Alderton to Justin Young
260 ## - PUBLICATION INFORMATION
Publisher Buckingham Palace
Date 3 May 2024
300 ## - PHYSICAL DESCRIPTION
Physical description 3p.
Other physical details envelope
500 ## - GENERAL NOTE
General note Letter from Sir Clive Alderton, Private Secretary to the King and Queen, addressed to Justin Young regarding the King's Patronage to the RICS dated 3rd May 2024.
650 ## - KEYWORDS
Keywords ROYAL PATRONAGE
650 ## - KEYWORDS
Keywords KING'S PATRONAGE
651 ## - SUBJECT ADDED ENTRY--GEOGRAPHIC NAME
Geographic name International
690 ## - BROAD SUBJECT
Broad subject RICS
9 (RLIN) 6277
710 ## - ADDED CORPORATE NAME
Added corporate author Royal Institution of Chartered Surveyors
856 ## - ONLINE RESOURCE
Uniform Resource Identifier <a href="https://www.rics.org/news-insights/king-charles-iii-becomes-royal-patron-of-rics">https://www.rics.org/news-insights/king-charles-iii-becomes-royal-patron-of-rics</a>
Public note See also press release on RICS.org
942 ## - ADDED ENTRY ELEMENTS (KOHA)
Suppress in OPAC Do not suppress in OPAC
Holdings
Lost status Damaged status Not for loan Current library Shelving location Date acquired Total Checkouts Full call number Date last seen Price effective from Koha item type Public note
      Archives RICS Boxes 22/05/2024   RICS 2024/1 22/05/2024 22/05/2024 Reference material RICS archives only, not available for dissemination